|
|
|
|
| LEADER |
00000cam a2200000 a 4500 |
| 001 |
vtls008401443 |
| 003 |
SK-MaSNL |
| 005 |
20260301140646.0 |
| 008 |
250313s1936 xo 000 0 slo |
| 015 |
|
|
|a SNBA19191938-012852
|
| 035 |
|
|
|a SK01SNKBSKHR20020093660
|
| 035 |
|
|
|a urn:nbn:sk:snk-am3hjv0
|
| 035 |
|
|
|a FAFB601F-56BB-449F-9D42-6CEAF7C2F011
|
| 035 |
|
|
|a urn:nbn:sk:snk-am00d2wy
|
| 035 |
|
|
|a SKM000096123
|
| 040 |
|
|
|a SNK
|b slo
|c SNK
|e AACR2
|
| 041 |
0 |
|
|a slo
|
| 044 |
|
|
|a xo
|c SK
|
| 080 |
|
|
|a 372(075)
|2 1981
|
| 100 |
1 |
|
|a Šteinhíbel, Michal,
|d 1901-1988
|4 aut
|9 37664
|
| 245 |
1 |
0 |
|a Naša radosť
|b počtovnica pre II. postupný ročník ľudových škôl : podľa učebnej osnovy z 10. VII. 1933
|c sostavili M. Šteinhíbel, B. Masár
|
| 260 |
|
|
|a Bratislava
|b Komenský
|c 1936
|e Bratislava
|f Slovenská Grafia
|
| 300 |
|
|
|a 80 s.
|b ilustr.
|c 8°
|
| 650 |
0 |
7 |
|a matematika
|2 SNKPH
|9 70174
|
| 655 |
|
7 |
|a učebnice základných škôl
|2 SNKPH
|9 70187
|
| 700 |
1 |
|
|a Masár, Bedrich
|4 aut
|9 347151
|
| 852 |
|
|
|a Slovenská národná knižnica
|
| 954 |
|
|
|a odborná, vedecká literatúra pôvodná (slovenská)
|2 lita
|
| 958 |
|
|
|a OND
|
| 958 |
|
|
|a RK
|
| 958 |
|
|
|a TL
|
| 999 |
|
|
|c 764529
|d 766459
|
| 952 |
|
|
|a SNK
|b SNK
|y PREZ
|7 0
|p 17A0912976
|o snkSD 4711/2
|i snk2/43
|0 0
|1 0
|4 0
|d 2018-06-01
|f 1
|l 0
|r 2025-11-11 00:00:00
|w 2026-02-24
|
| 952 |
|
|
|a SNK
|b SNK
|y VYP
|7 0
|p 17A0654210
|o snkSD 4711/2 D1
|i snkVI. 969/55
|0 0
|1 0
|4 0
|d 2018-06-01
|l 0
|r 2026-02-24 00:15:26
|w 2026-02-24
|